Cities with over 10 million people - Statistics

General Stats
  • This quiz has been taken 56 times
  • The average score is 26 of 29
Answer Stats
Country City % Correct
UK London
100%
India New Delhi
100%
Japan Tokyo
100%
China Beijing
98%
USA Los Angeles
98%
Mexico Mexico City
98%
Russia Moscow
98%
India Mumbai
98%
USA New York City
98%
Egypt Cairo
96%
Turkey Istanbul
96%
Nigeria Lagos
96%
France Paris
96%
Brazil Rio de Janeiro
96%
Bangladesh Dhaka
94%
Indonesia Jakarta
94%
Philippines Manila
94%
Argentina Buenos Aires
92%
China Shanghai
92%
DRC Kinshasa
90%
Japan Osaka
90%
Brazil Sao Paulo
90%
Pakistan Karachi
85%
China Guangzhou
83%
India Kolkata
77%
India Bangalore
71%
China Tianjin
58%
China Shenzhen
54%
China Chongqing
52%
No matching quizzes found
Score Distribution
Percent of People with Each Score
Percentile by Number Answered
Your Score History
You have not taken this quiz